The economist (Registro nro. 11929)

Detalles MARC
000 -Cabecera
Campo de control interno 00437nam a2200181Ia 4500
005 - Fecha y hora del registro
control field 20260306162904.0
008 - Elementos de Longitud Fija
fixed length control field 260306t2019||||xx |||||||||||||| ||spa||
041 ## - Idioma
Codigo Idioma ESP
082 ## - DEWEY y NOTACIÓN INTERNA
Dewey HR 330
Notación Interna JAN-APR 2019 TE
110 ## - AUTOR INSTTITUCIONAL
Autor Institucional The Economist Newspaper Limited
245 #4 - TÍTULO DE MATERIAL BIBLIOGRÁFICO
Título The economist
260 ## - CIUDAD, EDITORIAL, AÑO
Año 2019
300 ## - DESCRIPCIÓN
N° Páginas varias paginaciones :
Dimensiones 27 cm.
650 ## - TEMAS
Temas Generalidades
654 ## - PROGRAMAS
Programa Dpto. de Administración de Negocios
942 ## - ELEMENTOS DE KOHA
Tipo de documento Revista
Nombre del creador Justo Noguera
Código de catalogador Justo Noguera
Esquema de clasificación Dewey Decimal Classification
Suppress in OPAC
Existencias
Codigo completo Registro Colección Copia número Disponibilidad Tipo de préstamo Biblioteca Actual Procedencia (Biblioteca) Ubicacón Fecha Ingreso Tipo de Adquisición Date last seen Total checkouts Price effective from Tipo de Item Estado del Material Fuente de Clasificación Damaged status Withdrawn status
HR 330 JAN-APR 2019 TE 1071796 Universidad Católica San Pablo 1 Disponible Disponible Víctor Andrés Belaunde Víctor Andrés Belaunde Planta baja abierta 03/06/2026 Suscripción 06/03/2026   06/03/2026 Revista Bueno Dewey Decimal Classification